000 00187 a2200097 4500
001 7013
100 _aSlot, G
245 _aAudio quality
260 _a
_bPhilips
_c
090 _c5792
_d5792
942 _aNUST-CAE
_cM
_c32258
999 _c242086
_d242086